00516nam a22001337a 4500020001600000082001000016100006000026245010700086260003900193300002600232650004300258700002400301856005700325 qHard Cover. a621.3 aMuhammad Afsah Hassan ; Farooq, Qamar ; Sarfarz, Kamran aDesign and Development of a product Detector /cMuhammad Afsah Hassan ; Qamar Farooq, Kamran Sarfaraz. aIslamabad :bSEEECS - NUST,c2019. a38 p. : ill. ;c30cm. aElectrical Engineering -Project Report aDr. Salman Ghafoor. uhttp://10.250.8.41:8080/xmlui/handle/123456789/29561